000
00277nam a2200109 a 4500
008
090929s1983|||| d
100
1
_a
Assolant, A.
245
1
0
_a
Dobrodružstvá kapittána Korkorána
260
_b
Mladé letá
_a
Bratislava
_c
1983
041
_a
slo
044
_a
xo
_c
SK
999
_c
218
_d
218